[Event "Roquetas de Mar op 35th"]
[Site "Roquetas de Mar"]
[Date "2024.01.02"]
[Round "1"]
[White "Brylski, Pawel"]
[Black "Garcia Fernandez, Victor"]
[Result "1-0"]
[WhiteElo "1956"]
[BlackElo "2366"]
[PlyCount "119"]
[EventDate "2024.01.02"]
[EventType "swiss"]
[EventRounds "9"]
[EventCountry "ESP"]
[SourceTitle "CB02_2024"]
[SourceDate "2024.01.10"]
[SourceVersion "1"]
[SourceVersionDate "2024.01.10"]
[SourceQuality "1"]

1. e4 c5 2. Nf3 Nc6 3. d4 cxd4 4. Nxd4 Nf6 5. Nc3 d6 6. Be2 e5 7. Nb3 Be7 8. Bg5 0-0 9. Bxf6 Bxf6 10. Nd5 Bg5 11. h4 Bh6 12. g4 Bf4 13. Nxf4 exf4 14. Qd2 Qf6 15. 0-0-0 Rd8 16. Rh3 Ne5 17. f3 a5 18. Nd4 Be6 19. Nf5 Bxa2 20. Qxf4 a4 21. Qe3 a3 22. bxa3 d5 23. g5 Qe6 24. Qd4 g6 25. Nh6+ Kf8 26. Rhh1 Nc6 27. Qc5+ Ne7 28. Qd4 Nc6 29. Qc5+ Ne7 30. Qd4 Ng8 31. Qb4+ Qe7 32. Nxg8 Qxb4 33. axb4 Kxg8 34. Kb2 d4 35. Ra1 Be6 36. Rhd1 Rac8 37. Ra5 Kf8 38. f4 Rc7 39. f5 Bc8 40. h5 Re7 41. hxg6 hxg6 42. Bd3 Rc7 43. Rf1 Kg7 44. Rf4 Rd6 45. f6+ Kf8 46. Rd5 Rcd7 47. Rc5 Rd8 48. e5 Re6 49. Rh4 Kg8 50. Rc7 Rc6 51. Re7 Re6 52. Rc7 Rc6 53. Re7 Re6 54. Bc4 Rxe7 55. fxe7 Re8 56. Rxd4 Kg7 57. Rd8 Rxe7 58. Rxc8 Rxe5 59. Rc7 Re4 60. Kb3 1-0

[Event "ESP-ch U18"]
[Site "Salobrena"]
[Date "2023.08.02"]
[Round "5"]
[White "Garcia Fernandez, Victor"]
[Black "Rey Martinez, Jaime"]
[Result "1-0"]
[WhiteElo "2177"]
[BlackElo "2361"]
[PlyCount "65"]
[EventDate "2023.07.31"]
[EventType "swiss"]
[EventRounds "9"]
[EventCountry "ESP"]
[SourceTitle "CBM 215 Extra"]
[Source "ChessBase"]
[SourceDate "2023.09.30"]
[SourceVersion "1"]
[SourceVersionDate "2023.09.30"]
[SourceQuality "1"]

1. d4 d5 2. c4 dxc4 3. e3 Nf6 4. Bxc4 e6 5. Nf3 c5 6. 0-0 a6 7. dxc5 Bxc5 8. Qxd8+ Kxd8 9. Ne5 Ke7 10. Be2 Nbd7 11. Nc4 b6 12. Nc3 Bb7 13. Na4 b5 14. Nxc5 Nxc5 15. Na5 Bd5 16. f3 Rac8 17. Bd2 Rhd8 18. Bb4 Ke8 19. e4 Ba8 20. Rac1 Nfd7 21. Rfd1 Na4 22. b3 Nab6 23. Kf2 Ne5 24. Rxd8+ Rxd8 25. Ke3 f5 26. Rc5 Ned7 27. Rc7 g5 28. Ra7 f4+ 29. Kf2 Rc8 30. Rxa6 Rc2 31. Ke1 Rxa2 32. Bxb5 Rxg2 33. Rxb6 1-0

[Event "Malaga op 16th"]
[Site "Malaga"]
[Date "2022.10.27"]
[Round "1"]
[White "Garcia Fernandez, Victor"]
[Black "Gomez Salva, Roberto"]
[Result "1-0"]
[WhiteElo "2157"]
[BlackElo "1620"]
[PlyCount "85"]
[EventDate "2022.10.27"]
[EventType "swiss"]
[EventRounds "9"]
[EventCountry "ESP"]
[SourceTitle "EXT 2024"]
[Source "ChessBase"]
[SourceDate "2023.10.10"]
[SourceVersion "1"]
[SourceVersionDate "2023.10.10"]
[SourceQuality "1"]

1. Nf3 Nf6 2. e3 c5 3. b3 Nc6 4. Bb2 d5 5. Bb5 Bf5 6. Ne5 Qc7 7. 0-0 e6 8. f4 Bd6 9. d3 0-0 10. Bxc6 bxc6 11. Nd2 Bg6 12. g4 Nd7 13. Ndf3 Nxe5 14. Nxe5 f6 15. Nxg6 hxg6 16. Kg2 g5 17. Qf3 gxf4 18. exf4 Rae8 19. Rae1 e5 20. f5 Re7 21. c4 e4 22. dxe4 d4 23. h4 Qa5 24. Re2 Kf7 25. g5 Rh8 26. h5 Be5 27. Bc1 Rd7 28. g6+ Kf8 29. h6 gxh6 30. Rd1 Kg7 31. Rd3 h5 32. Bd2 Qc7 33. Re1 h4 34. Rh1 Bg3 35. Qg4 Re7 36. Be1 h3+ 37. Rxh3 Bxe1 38. Rh7+ Kg8 39. Rxh8+ Kxh8 40. Rh3+ Kg8 41. Qh5 Rh7 42. gxh7+ Kh8 43. Qe8+ 1-0

[Event "ESP-ch U16"]
[Site "Salobrena"]
[Date "2022.07.29"]
[Round "8"]
[White "Aguado Doncel, Pablo Luis"]
[Black "Garcia Fernandez, Victor"]
[Result "1/2-1/2"]
[WhiteElo "2029"]
[BlackElo "2158"]
[PlyCount "64"]
[EventDate "2022.07.25"]
[EventType "swiss"]
[EventRounds "9"]
[EventCountry "ESP"]
[SourceTitle "EXT 2023"]
[Source "ChessBase"]
[SourceDate "2022.10.05"]
[SourceVersion "1"]
[SourceVersionDate "2022.10.05"]
[SourceQuality "1"]

1. d4 g6 2. c4 Bg7 3. e4 d6 4. Nf3 Bg4 5. Be2 Nc6 6. Be3 Bxf3 7. Bxf3 e5 8. d5 Nd4 9. Nc3 c5 10. dxc6 bxc6 11. Bxd4 exd4 12. e5 Ne7 13. Qxd4 Bxe5 14. Qd3 Rb8 15. Rb1 0-0 16. 0-0 Qa5 17. g3 Rfd8 18. Rfe1 Kf8 19. b4 Qc7 20. Rec1 h5 21. Qe4 Re8 22. Qc2 Nf5 23. Ne2 h4 24. Qa4 hxg3 25. hxg3 c5 26. bxc5 dxc5 27. Kg2 Kg7 28. Rd1 Rxb1 29. Rxb1 Rb8 30. Rxb8 Qxb8 31. Qd7 Qc7 32. Qxc7 Bxc7 1/2-1/2

[Event "Andalusia-ch U18"]
[Site "Salobrena"]
[Date "2022.06.30"]
[Round "1"]
[White "Garcia Fernandez, Victor"]
[Black "Hidalgo Arellano, Patricio"]
[Result "1-0"]
[WhiteElo "2158"]
[BlackElo "1707"]
[PlyCount "99"]
[EventDate "2022.06.30"]
[EventType "swiss"]
[EventRounds "6"]
[EventCountry "ESP"]
[SourceTitle "EXT 2023"]
[Source "ChessBase"]
[SourceDate "2022.10.05"]
[SourceVersion "1"]
[SourceVersionDate "2022.10.05"]
[SourceQuality "1"]

1. d4 Nf6 2. c4 g6 3. Nc3 Bg7 4. e4 d6 5. h3 0-0 6. Be3 c6 7. g4 a6 8. Bg2 e5 9. d5 b5 10. cxb5 cxb5 11. Nge2 Nbd7 12. Qd2 Bb7 13. Ng3 Rc8 14. f3 Nc5 15. h4 b4 16. Nce2 Qa5 17. Kf2 Qb5 18. Nc1 b3 19. Bf1 Qa4 20. Bxc5 Rxc5 21. Nxb3 Rc7 22. Bd3 Rfc8 23. Qa5 Qxa5 24. Nxa5 Nd7 25. b4 Rc3 26. Ke2 R8c7 27. a3 f6 28. h5 Bc8 29. hxg6 hxg6 30. Kd2 Nb6 31. Ne2 Rxd3+ 32. Kxd3 f5 33. gxf5 gxf5 34. Rac1 Rxc1 35. Rxc1 Bd7 36. Nc3 Bh6 37. Rg1+ Kf7 38. Nc4 fxe4+ 39. fxe4 Nxc4 40. Kxc4 Be3 41. Rh1 Kg7 42. a4 Bd4 43. b5 Bxc3 44. Kxc3 axb5 45. a5 Bc8 46. Kb4 Kf6 47. Rg1 Ba6 48. Rg8 Kf7 49. Ra8 Bb7 50. Ra7 1-0

[Event "ESP-ch U14"]
[Site "Salobrena"]
[Date "2021.07.14"]
[Round "4"]
[White "Garcia Fernandez, Victor"]
[Black "Mompel Ferruz, Xavier"]
[Result "1-0"]
[WhiteElo "2005"]
[BlackElo "1803"]
[PlyCount "85"]
[EventDate "2021.07.12"]
[EventType "swiss"]
[EventRounds "9"]
[EventCountry "ESP"]
[SourceTitle "EXT 2022"]
[Source "ChessBase"]
[SourceDate "2021.10.06"]
[SourceVersion "1"]
[SourceVersionDate "2021.10.06"]
[SourceQuality "1"]

1. d4 d5 2. c4 c6 3. cxd5 cxd5 4. Bf4 Nf6 5. Nc3 Nc6 6. e3 Qb6 7. Bd3 a6 8. a3 e6 9. Nf3 Be7 10. h3 0-0 11. 0-0 Bd7 12. Na4 Qa7 13. b4 b6 14. Nb2 Rac8 15. Qe2 b5 16. Nd2 Ne8 17. Nb3 Nd6 18. Bxd6 Bxd6 19. f4 Ne7 20. Qd2 f5 21. Be2 Rc7 22. Nd3 Nc8 23. Nbc5 Nb6 24. Ne5 Bxe5 25. fxe5 Qa8 26. Kh2 Nc4 27. Bxc4 dxc4 28. e4 fxe4 29. Rxf8+ Kxf8 30. Qf4+ Kg8 31. Rf1 Qe8 32. d5 Rxc5 33. bxc5 exd5 34. Qg3 Bc6 35. Rf6 c3 36. e6 Kh8 37. Rf7 Qg8 38. Qxc3 Be8 39. Re7 Qf8 40. Qxg7+ Qxg7 41. Rxe8+ Qg8 42. Rxg8+ Kxg8 43. c6 1-0